Popularne zagraniczne piosenki w Polsce. 21-27.05 Spotify - Statystyki

Ogólne statystyki
  • Ten quiz został rozwiązany 8 razy
  • Średni wynik to 7 z 30
Statystyki odpowiedzi
Wykonawca Odsłuchania Utwór % Poprawnych
Tom Odell 249K Another Love
63%
Bella Poarch 252K Build a Bitch
63%
Dua Lipa, DaBaby 417K Levitating
63%
Lil Nas X 464K MONTERO (Call Me By Your Name)
63%
Olivia Rodrigo 756K good 4 u
50%
Masked Wolf 445K Astronaut In The Ocean
38%
Olivia Rodrigo 369K drivers license
38%
Maneskin 674K I WANNA BE YOUR SLAVE
38%
Harry Styles 223K Watermelon
38%
The Weeknd 263K Blinding Lights
25%
Olivia Rodrigo 225K brutal
25%
BTS 579K Butter
25%
Olivia Rodrigo 362K deja vu
25%
Doja Cat, SZA 363K Kiss Me More
25%
The Weeknd, Ariana Grande 258K Save Your Tears (Remix)
25%
Maneskin 233K CORALINE
13%
Riton, Nightcrawlers, Mufasa, Hypeman 551K Friday
13%
Justin Bieber, Daniel Caesar, Giveon 352K Peaches
13%
Majestic, Boney M. 326K Rasputin
13%
Go_A 291K SHUM
13%
The Neighbourhood 228K Sweater Weather
13%
Tiesto 310K The Business
13%
Billie Eilish 231K Your Power
13%
Maneskin 885K ZITTI E BUONI
13%
Imagine Dragons 292K Follow You
0%
Joel Corry, MNEK 217K Head & Heart
0%
Tom Grennan 246K Little Bit of Love
0%
Ofenbach, Lagique 241K Wasted Love
0%
Toby Romeo, Felix Jaehn, FAULHABER 215K Where The Lights Are Low
0%
ATB, Topic, A7S 296K Your Love (9PM)
0%
Nie znaleziono quizów pasujących do podanych kryteriów
Rozkład punktacji
Procent ludzi z każdym wynikiem
Percentyl według liczby udzielonych odpowiedzi
Twoja historia wyników
Nie rozwiązałeś tego quizu